000 00614nam a2200205Ia 4500
003 GCL
008 140319s9999 xx 000 0 ara d
040 _aGCL /
_cGCL
082 0 4 _a323.4
_bا ح
100 1 _aامير سالم
245 1 0 _aحقوق الانسان : معارك مستمرة بين الشمال و الجنوب /
_cامير سالم
300 _a329 ص
490 _a
650 0 4 _aالتعاون الدولى
650 0 4 _aحقوق الانسان
650 0 4 _aالمؤتمرات الدولية
650 0 4 _aالمنظمات الدولية
650 0 4 _aالنمسا
942 _2ddc
_cBK
999 _c41503
_d41503